00442nam a2200193Ia 4500003000400000005001700004008004100021020001500062040000700077041000800084082002100092100002000113245003100133260003200164300001200196365001300208650001200221650001500233OSt20250627122720.0210423s2006 xx 000 0 und d a8131505944 cAL aeng a070.1 223bDAYM aLouis Alvin Day aMedia communication ethics aU SbCengage Learningc2006 a382bPB b325cINR aGeneral aMass Media